Municipalities of Jaén (Spain) - Statistics

General Stats
  • This quiz has been taken 173 times
  • The average score is 40 of 97
Answers on the Map
Answers color-coded by a green-red scale on the quiz's map according to % correct below.
 
Answer Stats
Municipality % Correct
Jaén
95%
Úbeda
95%
Baeza
92%
Linares
92%
Andújar
89%
Cazorla
83%
Martos
78%
Torredonjimeno
76%
Alcalá la Real
75%
Bailén
75%
La Carolina
75%
Torredelcampo
70%
Arjona
65%
Arjonilla
65%
Guarromán
65%
Beas de Segura
62%
Villanueva del Arzobispo
62%
Huelma
57%
Mancha Real
57%
Villacarrillo
57%
Alcaudete
54%
Porcuna
54%
Torreperogil
54%
Vilches
54%
Ibros
51%
Jódar
51%
Marmolejo
49%
Valdepeñas de Jaén
49%
Los Villares
48%
Rus
48%
Baños de la Encina
44%
Mengíbar
44%
Segura de la Sierra
44%
Lopera
43%
Orcera
43%
Quesada
43%
Torreblascopedro
43%
Begíjar
40%
Castellar
40%
Castillo de Locubín
40%
Jimena
40%
Lahiguera
40%
La Iruela
40%
Torres
40%
Bélmez de la Moraleda
38%
La Guardia de Jaén
38%
Peal de Becerro
38%
Sabiote
38%
Santisteban del Puerto
38%
Villanueva de la Reina
38%
Canena
37%
Jamilena
37%
Espeluy
35%
Iznatoraf
35%
Pozo Alcón
35%
Santiago-Pontones
35%
Frailes
33%
Hornos
33%
Siles
33%
Albánchez de Mágina
32%
Fuensanta de Martos
32%
Lupión
32%
Noalejo
32%
Arquillos
30%
Jabalquinto
30%
La Puerta de Segura
30%
Arroyo del Ojanco
29%
Huesa
29%
Pegalajar
29%
Santa Elena
29%
Benatae
27%
Campillo de Arenas
27%
Carboneros
27%
Chiclana de Segura
27%
Chilluévar
27%
Puente de Génave
27%
Santo Tomé
25%
Sorihuela del Guadalimar
25%
Villarodrigo
25%
Cambil
24%
Fuerte del Rey
24%
Navas de San Juan
24%
Aldeaquemada
22%
Génave
22%
Villardompardo
22%
Escañuela
21%
Montizón
21%
Santiago de Calatrava
21%
Bedmar y Garcíez
17%
Cabra de Santo Cristo
17%
Cárcheles
16%
Cazalilla
16%
Larva
16%
Torres de Albánchez
16%
Villatorres
14%
Hinojares
10%
Higuera de Calatrava
6%
No matching quizzes found
Score Distribution
Percent of People with Each Score
Percentile by Number Answered
Your Score History
You have not taken this quiz